000 00277nam a22000977a 4500
082 _a823
_bROW/H
100 _aROWLING,J.K
245 _aHARRY POTTERS& THE PHILOSOPHER'S STONE
246 _aHARRY POTTERS& THE PHILOSOPHER'S STONE
_bHARRY POTTERS& THE PHILOSOPHER'S STONE
942 _cBK
999 _c8193
_d8193